| 000 | 01103nam a2200181 a 4500 | ||
|---|---|---|---|
| 008 | 080109s1965 ||||||||||||||||| || u | ||
| 050 | _aQA 10.3 Gil | ||
| 100 | _aGillie, Angelo C | ||
| 245 | 1 | 0 | _aBinary arithmentic and boolean algebra |
| 260 |
_aNew York _bMcGraw-Hill _c1965 |
||
| 300 | _aviii, 248p. : ill. | ||
| 350 | _a0.00 | ||
| 995 |
_aBINDERY (DAMAGED) _D0.00 _e715991 _FCBU-MAIN LIBRARY (Kitwe) _H4 _I1.65 _jQA 10.3 Gil _M4 _UDAMAGED _WMay 18, 2006 _y011061 _ZMain Library Open Access Collection |
||
| 995 |
_aBINDERY (DAMAGED) _D0.00 _e715988 _FCBU-MAIN LIBRARY (Kitwe) _H5 _I1.65 _jQA 10.3 Gil _M5 _UDAMAGED _y011062 _ZMain Library Open Access Collection |
||
| 995 |
_aBINDERY (DAMAGED) _D0.00 _e710320 _FCBU-MAIN LIBRARY (Kitwe) _H2 _I1.65 _jQA 10.3 Gil _M2 _UDAMAGED _y011060 _ZMain Library Open Access Collection |
||
| 995 |
_aBINDERY (DAMAGED) _D0.00 _e715987 _FCBU-MAIN LIBRARY (Kitwe) _H3 _I1.65 _jQA 10.3 Gil _M3 _UDAMAGED _y011066 _ZMain Library Open Access Collection |
||
| 995 |
_aBINDERY (DAMAGED) _D0.00 _e715990 _FCBU-MAIN LIBRARY (Kitwe) _H1 _I1.65 _jQA 10.3 Gil _M1 _UDAMAGED _y715990 _ZMain Library Open Access Collection |
||
| 999 |
_c84633 _d84633 |
||